000 00743nam a2200277 a 4500
003 AR-BaBNM
005 20251128203030.0
008 082120s2002 ||||||||||||||000 | spa||
020 _a84-7615-223-X
040 _cAR-BaBNM
100 1 _aGarcía Pérez, Fernando
245 0 0 _aEstadística
260 _aMadrid
_bMcGraw-Hill
_c1988
300 _axv, 209 p.
_bgráfs., il.
500 _aContiene referencias bibliográficas en p. 211
650 4 _aESTADISTICA
650 4 _aMATEMATICA
650 4 _aANALISIS MATEMATICO
650 4 _aDATOS ESTADISTICOS
650 4 _aARITMETICA
650 4 _aTEORIA DE LAS PROBABILIDADES
650 4 _aANALISIS ESTADISTICO
700 1 _aGarzo Pérez, Fernando
942 _cBK
998 _cMARTIN
999 _c1597
_d1597